Smallest Countries by Number of Borders - Statistics

General Stats
  • This quiz has been taken 90 times
  • The average score is 7 of 12
Answer Stats
borders area (km2) country % Correct
1 0.4 Vatican City
97%
2 160 Liechtenstein
84%
14 9,572,900 China
79%
0 21 Nauru
76%
3 2600 Luxembourg
69%
9 357,100 Germany
57%
8 83,900 Austria
53%
10 640,700 France
43%
7 93,000 Hungary
43%
4 13,800 Montenegro
39%
5 41,300 Switzerland
36%
6 245,900 Guinea
23%
No matching quizzes found
Score Distribution
Percent of People with Each Score
Percentile by Number Answered
Your Score History
You have not taken this quiz